<?xml version="1.0" encoding="UTF-8"?>
<record
    xmlns:xsi="http://www.w3.org/2001/XMLSchema-instance"
    xsi:schemaLocation="http://www.loc.gov/MARC21/slim http://www.loc.gov/standards/marcxml/schema/MARC21slim.xsd"
    xmlns="http://www.loc.gov/MARC21/slim">

  <leader>00936    a2200181   4500</leader>
  <controlfield tag="001">142469</controlfield>
  <datafield tag="040" ind1=" " ind2=" ">
    <subfield code="c">Leonardo Da Vinci</subfield>
  </datafield>
  <datafield tag="041" ind1=" " ind2=" ">
    <subfield code="a">Portugu&#xEA;s</subfield>
  </datafield>
  <datafield tag="082" ind1=" " ind2=" ">
    <subfield code="a">v211</subfield>
  </datafield>
  <datafield tag="100" ind1=" " ind2=" ">
    <subfield code="a">EDUCACIONAL SHOP VIDEO</subfield>
  </datafield>
  <datafield tag="245" ind1=" " ind2=" ">
    <subfield code="a">Configura&#xE7;&#xE3;o eletr&#xF4;nica e liga&#xE7;&#xF5;es</subfield>
    <subfield code="b">a posi&#xE7;&#xE3;o do el&#xE9;tron</subfield>
  </datafield>
  <datafield tag="250" ind1=" " ind2=" ">
    <subfield code="a">v.1-2</subfield>
  </datafield>
  <datafield tag="260" ind1=" " ind2=" ">
    <subfield code="b">ESV</subfield>
    <subfield code="a">S&#xE3;o Paulo</subfield>
  </datafield>
  <datafield tag="490" ind1=" " ind2=" ">
    <subfield code="a">TV Ontario</subfield>
  </datafield>
  <datafield tag="520" ind1=" " ind2=" ">
    <subfield code="a">Os alunos v&#xE3;o aprender a import&#xE2;ncia do el&#xE9;tron para os compostos
qu&#xED;micos. Explora o desenvolvimento do modelo at&#xF4;mico por cientistas
como Niels Bohr e Ernest Rutherford. Ilustra-se v&#xE1;rios aspectos, tais
como as &#xF3;rbitas, cargas, massa relativa, liga&#xE7;&#xE3;o e configura&#xE7;&#xE3;o
eletr&#xF4;nica</subfield>
  </datafield>
  <datafield tag="697" ind1=" " ind2=" ">
    <subfield code="a">Qu&#xED;mica</subfield>
    <subfield code="a">Composto Qu&#xED;mico</subfield>
    <subfield code="a">Modelo At&#xF4;mico</subfield>
    <subfield code="a">Apresenta&#xE7;&#xE3;o dos jogadores</subfield>
    <subfield code="a">O &#xC1;tomo de Rutherford-Bohr</subfield>
    <subfield code="a">Configura&#xE7;&#xE3;o Eletr&#xF4;nica</subfield>
    <subfield code="a">Como os &#xE1;tomos se ligam</subfield>
    <subfield code="a">Subst&#xE2;ncias moleculares e cristais covalentes</subfield>
    <subfield code="a">Metais e s&#xF3;lidos i&#xF4;nicos</subfield>
  </datafield>
  <datafield tag="942" ind1=" " ind2=" ">
    <subfield code="c">VM</subfield>
  </datafield>
  <datafield tag="952" ind1=" " ind2=" ">
    <subfield code="0">0</subfield>
    <subfield code="1">0</subfield>
    <subfield code="4">0</subfield>
    <subfield code="7">0</subfield>
    <subfield code="a">72.1</subfield>
    <subfield code="b">72.1</subfield>
    <subfield code="d">2024-03-27</subfield>
    <subfield code="l">0</subfield>
    <subfield code="o">v211</subfield>
    <subfield code="p">A0226LVA</subfield>
    <subfield code="r">2024-03-27 22:46:58</subfield>
    <subfield code="w">2024-03-27</subfield>
    <subfield code="y">VM</subfield>
  </datafield>
  <datafield tag="999" ind1=" " ind2=" ">
    <subfield code="c">142469</subfield>
    <subfield code="d">142469</subfield>
  </datafield>
</record>
